PSM AND BIOSTATISTICS (Record no. 216819)

MARC details
000 -LEADER
fixed length control field 00458nam a22001697a 4500
008 - FIXED-LENGTH DATA ELEMENTS--GENERAL INFORMATION
fixed length control field 260310b |||||||| |||| 00| 0 eng d
020 ## - INTERNATIONAL STANDARD BOOK NUMBER
International Standard Book Number 978-93-5090-194-6
100 ## - MAIN ENTRY--PERSONAL NAME
Personal name MISHRA, DEEPAK
245 ## - TITLE STATEMENT
Title PSM AND BIOSTATISTICS
250 ## - EDITION STATEMENT
Edition statement 8TH ED.
260 ## - PUBLICATION, DISTRIBUTION, ETC.
Place of publication, distribution, etc. NEW DELHI
Name of publisher, distributor, etc. JAYPEE BROTHERS MEDICAL PUBLISHERS
Date of publication, distribution, etc. 2012
300 ## - PHYSICAL DESCRIPTION
Extent XVIII, 626P.
650 ## - SUBJECT ADDED ENTRY
Topical term or geographic name entry element 1. PREVENTIVE MEDICINE
700 ## - ADDED ENTRY--PERSONAL NAME
Personal name MISHRA, RITUSHA
942 ## - ADDED ENTRY ELEMENTS (KOHA)
Source of classification or shelving scheme Library of Congress Classification
Koha item type Long Loan Book
Holdings
Withdrawn status Lost status Source of classification or shelving scheme Damaged status Not for loan Collection Home library Current library Shelving location Date acquired Inventory number Total checkouts Full call number Barcode Date last seen Copy number Price effective from Koha item type
    Library of Congress Classification     Medicine Kisii University Library Kisii University Library On Display 03/10/2026 111138   RA 407 .M57 2012 000000024120 03/10/2026 1 03/10/2026 Long Loan Book
    Library of Congress Classification     Medicine Kisii University Library Kisii University Library On Display 03/10/2026 111139   RA 407 .M57 2012 000000024121 03/10/2026 2 03/10/2026 Long Loan Book
    Library of Congress Classification     Medicine Kisii University Library Kisii University Library On Display 03/10/2026 111140   RA 407 .M57 2012 000000024119 03/10/2026 3 03/10/2026 Long Loan Book
    Library of Congress Classification     Medicine Kisii University Library Kisii University Library On Display 03/10/2026 111141   RA 407 .M57 2012 000000024118 03/10/2026 4 03/10/2026 Long Loan Book